countries of europe in 1900 - Statistics

General Stats
  • This quiz has been taken 139 times
  • The average score is 19 of 24
Answer Stats
Hint Answer % Correct
europe africa asia north and south america ocenia france
97%
europe africa asia north and south america ocenia united kingdom
97%
europe asia russian empire
96%
europe austria-hungary
93%
europe asia africa german empire
92%
europe norway-sweden
92%
europe africa spain
89%
europe africa portugal
88%
europe africa italy
87%
europe denmark
83%
europe north and south america netherlands
82%
europe serbia
82%
europe africa belgium
81%
europe asia africa ottoman empire
81%
europe greece
78%
europe romania
77%
europe san marino
73%
europe andorra
72%
europe montenegro
72%
europe luxembourg
70%
europe switzerland
68%
europe bulgaria
65%
europe liechtenstein
63%
europe monaco
61%
No matching quizzes found
Score Distribution
Percent of People with Each Score
Percentile by Number Answered
Your Score History
You have not taken this quiz